LDR 00962naa#a2200181#i#450# 001 EN\\bibl\123288 005 20260704082310.6 011 ## _a2686-9896 100 ## _a20260515b2026####ek#y0engy0150####ca 102 ## _aRU 200 1# _aDIGITAL ARCHIVATION OF SCIENTIFIC HERITAGE: CHALLENGES OF DATA PRESERVATION AND OPEN ACCESS TO SCIENCE IN THE 21ST CENTURY _eJournal article 210 1# _aAngarsk _cFederal State Funded Educational Establishment of Higher Education «Angarsk State Technical University» _d2026 215 ## _a1 с. 608 ## _aJournal article _2local 675 ## _aИнформационные технологии. Компьютерные технологии. Теория вычислительных машин и систем. 004 _aНаука в целом. Науковедение. Организация умственного труда. 001 _z 700 #1 _aPanchuk _gEkaterina Yur'evna 700 #1 _aZaytseva _gNadezhda Valerievna 856 4# _aangtu.editorum.ru _u